Γλώσσα ΣΤ' δημοτικού : λέξεις...φράσεις...κείμενα : βιβλίο δασκάλου : μεθοδολογικές οδηγίες

Saved in:
Bibliographic Details
Corporate Author: Παιδαγωγικό Ινστιτούτο
Other Authors: Ιορδανίδου, Άννα, 1954-
Format: Book
Language:Greek
Published: Αθήνα : Οργανισμός Εκδόσεως Διδακτικών Βιβλίων, [2006]
Subjects:
Tags: Add Tag
No Tags, Be the first to tag this record!

MARC

LEADER 00000cam a2200000 i 4500
001 1/36018
008 061024s2006 gre d
020 |a 960-06-1792-9 
035 |l 10085707 
040 |a GR-MY-UA  |b gre  |e aacr 
041 0 |a gre 
082 0 |a 372.6  |2 (22) 
245 1 0 |a Γλώσσα ΣΤ' δημοτικού :  |b λέξεις...φράσεις...κείμενα : βιβλίο δασκάλου : μεθοδολογικές οδηγίες /  |c Άννα Ιορδανίδου...[κ.ά.] ; Υπουργείο Παιδείας και Θρησκευμάτων. Παιδαγωγικό Ινστιτούτο 
260 |a Αθήνα :   |b Οργανισμός Εκδόσεως Διδακτικών Βιβλίων,   |c [2006] 
300 |a 55 σ.;  |c 24 εκ. 
650 0 0 |a Greek language, Modern  |x Grammar  |x Study and teaching (Elementary) 
650 0 0 |a Greek language, Modern  |x Composition and exercises  |x Study and teaching (Elementary) 
650 0 0 |a Greek language, Modern  |x Study and teaching (Elementary) 
700 1 |a Ιορδανίδου, Άννα,   |d 1954- 
710 2 |a Παιδαγωγικό Ινστιτούτο. 
852 |a INST  |b RHODES  |e 20061024  |h 372.6 ΓΛΩ  |p 005400024076  |q 005400024076  |t BK  |y 0 
852 |a INST  |b RHODES  |e 20061024  |h 372.6 ΓΛΩ  |p 005400024077  |q 005400024077  |t BK  |y 0 
901 |a BIBL4-2006-3 
909 |a Ρ  |b 127057 
909 |a Ρ  |b 127058 
970 |a ΚΟΖΑ  |b ΜΑΡΙΑ  |z 2006/10/24